| 000 | 00559nam a2200193Ia 4500 | ||
|---|---|---|---|
| 001 | 14189 | ||
| 003 | GE_BSU | ||
| 008 | 181216s||||||||xx |||||||||||||| ||und|| | ||
| 040 | _cGE_BSU | ||
| 245 | _aТур бизнес=Travel trade russia №14 Декабрь 2014. | ||
| 245 | _bТуризм нон-фикшн | ||
| 245 | _cГл.ред. Елена Борисова | ||
| 260 | _aМосква | ||
| 260 | _c2014 | ||
| 300 | _a56стр.29см. | ||
| 653 | _aТурбизнес=Travel trade russia | ||
| 653 | _aТуризм нон-фикшн | ||
| 942 | _cCR | ||
| 999 |
_c47328 _d47328 |
||